000
00309 a2200133 4500
000
nam a22 7a 4500
100
_a
Parveen, Kumar
110
_a
Parveen, Kumar
245
_a
Yoga and Stress Management
250
_a
latest edition
260
_b
Oxford
_c
2025
264
_b
Oxford
_c
2025
942
_c
BK
999
_c
396240
_d
396240